The Finite Element Method. Linear Static and Dynamic. Finite Element Analysis /

Gespeichert in:
Bibliographische Detailangaben
1. Verfasser: Hughes, Thomas J.R (Verfasst von)
Format: Buch
Sprache:Englisch
Veröffentlicht: Englewood Cliffs : Prentice Hall, 1987
Ausgabe:1. Edidtion
Tags: Tag hinzufügen
Keine Tags, Fügen Sie das erste Tag hinzu!

MARC

LEADER 00000nam a22000003a 4500
001 stu32076
005 20150617225733.0
008 950316s1987----uk------------------eng-d
020 |a 0-13-317017-9 
040 |a STU  |b slo 
041 0 |a eng 
044 |a uk 
080 |a 512.543 
100 1 |a Hughes, Thomas J.R  |4 aut 
245 1 |a The Finite Element Method. Linear Static and Dynamic. Finite Element Analysis /  |c [aut.] Hughes,Thomas J.R 
250 |a 1. Edidtion 
260 |a Englewood Cliffs :  |b Prentice Hall,  |c 1987 
300 |a 803 s 
996 |b J88372  |c J*88372  |l JJST  |s P  |a 0  |w stu32076_0001